Sanat - "Baarikärpänen" - Eppu Normaali - Statistics

Yleistilastot
  • Tätä visaa on pelattu 401 kertaa
  • Keskiarvotulos 102 / 147
Vastaustilastot
Sanat % Oikein
Jo
94%
baarikärpänen,
92%
Ja
92%
ja
92%
On
91%
on?
91%
on
91%
kun
87%
Kun
87%
niin
86%
ryyppäämään,
86%
ryyppäämään
86%
joka
85%
Mua
85%
mua
85%
keskiviikkona
84%
, keskiviikkona
84%
Siis
84%
Tiistaina,
84%
Tiistaina
84%
torstaina!
84%
aamu
83%
kännätään
83%
lisää
83%
maanantaina
83%
sännätään
83%
se
83%
päivä
82%
puri
82%
juovuksissa
81%
olla
81%
aina,
80%
Tahdon
79%
miksi
78%
ohi
78%
sekä
78%
suremaan?
78%
mut
76%
siihen
75%
puremaan
74%
sitten
71%
lääkkeen
70%
ollut
70%
kauan
69%
siitä
68%
löysin
66%
lähtien
61%
Alla
60%
mulla
60%
olo
60%
hyvä
59%
Jos
58%
Ne
58%
viina
57%
tähtien
56%
ei
55%
onnellisten
54%
missä
53%
vika
52%
aivoihin
51%
menee
51%
ensin
50%
Kas
50%
No
50%
sieltä
50%
vastuuton
50%
kaikkiin
49%
vaikuttaa
49%
konjamiinipullon
48%
vaivoihin
48%
käsin
47%
näy
47%
posket
47%
takaapäin,
46%
sosiaalihuoltohan
44%
baarikärpäslätkineen
42%
poskiin,
42%
oottaa
37%
pihalla
37%
Poliisinkin
37%
tiedetään
35%
mätkineen
32%
multa
29%
ihmisoikeudet
27%
päässyt
27%
näemmä
25%
baariin
23%
hukkumaan
23%
Voi
23%
jäädä
21%
nukkumaan
21%
tänne
20%
voisin
19%
jospa
17%
Ehtoja vastaavia visoja ei löytynyt
Tulosjakauma
Jokaisen tuloksen saaneiden osuus
Persentiili vastausten määrän mukaan
Tuloshistoriasi
Et ole pelannut tätä visaa